000 00573cam a22001934a 4500
020 _a1578083168 (pbk.)
020 _a9781578083169 (pbk.)
040 _cDLC
041 1 _hfre
082 0 0 _a632 SCI 2007 A083 Or.
245 1 0 _aPrinciples of plant virology :
_bgenome, pathogenicity, virus ecology /
260 _aEnfield, NH :
_bScience Publishers,
_cc2007.
300 _axxi, 472 p., 8 p. of plates :
_bill. (some col.) ;
_c25 cm.
650 0 _aVirus diseases of plants.
650 0 _aPlant viruses.
650 0 _aPlant viruses
700 1 _aAstier, S.
942 _cEK
999 _c16021
_d16021